000 02194cam a2200505 i 4500
999 _c7833
_d7833
001 19436476
003 GBCCL
005 20241126110637.0
008 141008s2011 ii a b 000 0 eng d
010 _a 2016362593
020 _a9789380548166
020 _a9380548168
025 _aI-E-2016362593
035 _a(OCoLC)ocn893309510
035 _a(OCoLC)893309510
037 _bLibrary of Congress -- New Delhi Overseas Office
040 _aDKAGE
_beng
_erda
_cDKAGE
_dOCLCQ
_dDLC
042 _alccopycat
_alcode
043 _aa-ii---
050 0 0 _aBV4460.7
_b.S26 2011
082 0 4 _a261.83219
_a261.8321969792
_223
_bSAM
100 1 _aSamraj, S.,
_eauthor.
_913682
245 1 0 _aAIDS in India :
_bwho cares anyway? : the lasting decisions : Christian handbook on HIV and AIDS in Indian context /
_cS. Samraj, Anita David, Lavanya & Sujay Suneetha.
264 1 _aNew Delhi :
_bChristian AIDS/HIV National Alliance ;
_aBangalore :
_bCentre for Contemporary Christianity,
_c2011.
300 _axi, 215 pages :
_billustrations (black and white) ;
_c22 cm.
336 _atext
_btxt
_2rdacontent
337 _aunmediated
_bn
_2rdamedia
338 _avolume
_bnc
_2rdacarrier
490 1 _aStudies in the gospel interface with Indian contexts ;
_v14
504 _aIncludes bibliographical references (pages 199-204).
650 0 _aAIDS (Disease)
_xPrevention
_xReligious aspects
_xChristianity.
_913683
650 0 _aHIV infections
_xPrevention
_xReligious aspects
_xChristianity.
_913684
650 0 _aAIDS (Disease)
_xPatients
_xCare
_zIndia.
_913685
650 0 _aHIV-positive persons
_xCare
_zIndia.
_913686
650 0 _aCare of the sick
_xReligious aspects
_xChristianity.
_913687
700 1 _aDavid, Anita,
_eauthor.
_913688
700 1 _aSuneetha, Lavanya,
_eauthor.
_913689
700 1 _aSuneetha, Sujay,
_eauthor.
_913690
710 2 _aChristian AIDS/HIV National Alliance,
_eissuing body.
_913691
710 2 _aCentre for Contemporary Christianity (Bangalore, India),
_eissuing body.
_91301
830 0 _aStudies in the gospel interface with Indian contexts ;
_v14.
_91321
906 _a7
_bcbc
_ccopycat
_d3
_encip
_f20
_gy-gencatlg
942 _2ddc
_cBK
_04